LDR 00804naa#a2200181#i#450# 001 RU\\bibl\126626 005 20260703214743.5 011 ## _a2587-6740 100 ## _a20260615b2026####ek#y0rusy0150####ca 102 ## _aRU 200 1# _aОсобенности развития и трансформации системы расселения Московской области _eЖурнальная статья 210 1# _aМосква _cЭлектронная наука _d2026 215 ## _a7 с. 608 ## _aЖурнальная статья _2local 675 ## _aРегиональная экономика. Территориальная экономика. 332.1 _z 700 #1 _aБлизнюкова _gТатьяна Викторовна 700 #1 _aЮрин _gГригорий Геннадьевич 856 4# _aqje.su _u